01363nam a2200337 a 4500001001200000003000800012006001900020007001500039008004100054010001700095020002800112020003500140040002100175035002100196050002400217082001200241100002700253245012800280260006400408300002500472504006400497533015200561650003200713650002600745650003000771651003500801655002900836710001700865856012600882999001701008ebr10054447CaPaEBRm u cr cn|||||||||000526s2001 caua sb s001 0 eng  z 00042616  z0520220307 (alk. paper) z0520220862 (pbk. : alk. paper) aCaPaEBRcCaPaEBR a(OCoLC)61467538014aBL2525b.P55 2001eb04a2992211 aPike, Sarah M.,d1959-10aEarthly bodies, magical selvesh[electronic resource] :bcontemporary pagans and the search for community /cSarah M. Pike. aBerkeley, Calif. :bUniversity of California Press,cc2001. axxvi, 288 p. :bill. aIncludes bibliographical references (p. 259-271) and index. aElectronic reproduction.bPalo Alto, Calif. :cebrary,d2013.nAvailable via World Wide Web.nAccess may be limited to ebrary affiliated libraries. 0aNeopaganismzUnited States. 0aNeopaganismxRituals. 0aFestivalszUnited States. 0aUnited StatesxReligiony1945- 7aElectronic books.2local2 aebrary, Inc.40uhttp://site.ebrary.com/lib/rucke/Doc?id=10054447zAn electronic book accessible through the World Wide Web; click to view c64649d64649